| 000 | 00000nam 2200000za 4500 |
| 001 | 9.650620 |
| 003 | CaOODSP |
| 005 | 20220125145841 |
| 007 | ta |
| 008 | 150407s2007||||xxc||||| f|0| 0 eng d |
| 020 | |a978-1-55002-694-8 |
| 040 | |aCaOODSP|beng |
| 043 | |an-cn--- |
| 086 | 1 |aD2-193/2007E |
| 110 | 1 |aCanada. |bDepartment of National Defence. |
| 245 | 10|aCasting light on the shadows : |bCanadian perspectives on special operations forces / |cForeword by David Barr; edited by Bernd Horn and Roch Legault; jointly published by Canadian Defence Academy Press and the Dundurn Group. |
| 260 | |aKingston - Ontario : |bNational Defence |c2007. |
| 300 | |a324p. : |breferences, index ; |c23 cm. |
| 500 | |aISBN 10: 1-55002-694-1 |
| 520 | 3 |aThis book of essays looks at the history, theory, and practice of Special Operations Forces. The essays are written from a Canadian perspective by Canadian military and history experts. They cover a variety of topics, including the theories behind Special Operations Forces, how recruits are selected, and their training requirements. Other subjects include the history of Special Operations Forces internationally, and in Canada, and the need for such forces, particularly in Canada. |
| 563 | |aSoftcover |
| 590 | |a07-13|b2007-03-30 |
| 690 | 07|aArmed forces|2gcpds |
| 690 | 07|aMilitary history|2gcpds |
| 690 | 07|aMilitary training|2gcpds |
| 710 | 2 |aDundurn Group. |
| 710 | 2 |aCanadian Defence Academy. |
| 775 | 08|tLumières sur les forces de l'ombre : |w(CaOODSP)9.683714 |
| 776 | 0#|tCasting light on the shadows : |w(CaOODSP)9.888828 |